000 01126nam a2200229Ia 4500
001 L320-23773
003 IT-CnALBA
008 170116s9999||||xx |||||||||||||| ||und||
040 _aIT-CnALBA
_cIT-CnALBA
041 _aITALIANO
100 _aFULTON J. SHEEN, MONS.
245 0 _aCOMUNISMO E COSCIENZA DELL'OCCIDENTE.
250 _a1a ed.
260 _aNAPOLI
_bRICHTER & C. EDIZIONI. NAPOLI
_c1952 [1° Ed.:1952]
300 _a335 p. (prefazione: 11)
500 _aTRADUZIONE DALL'INGLESE DI E. FRANQUINET E AUGUSTO DONAUDY. LIBERALISMO STORICO. SPIRITO ANTIRELIGIOSO. FILOSOFIA DEL COMUNISMO. DIFETTI FONDAMENTALI. RUSSIA O AMERICA. LA PASSIONE. RUSSIA E FEDE. N. S. DI FATIMA IN RUSSIA.
501 _aSocietà San Paolo EM - Piazza San Paolo, 14 - 12051 ALBA (CN) (non commercial uses only) ® Copyright 2017
520 _aTRADUZIONE DALL'INGLESE DI E. FRANQUINET E AUGUSTO DONAUDY. LIBERALISMO STORICO. SPIRITO ANTIRELIGIOSO. FILOSOFIA DEL COMUNISMO. DIFETTI FONDAMENTALI. RUSSIA O AMERICA. LA PASSIONE. RUSSIA E FEDE. N. S. DI FATIMA IN RUSSIA.
650 _aPOLITICA
942 _cBK
957 _71
999 _a28516
_bNO
_g Copie: 1
_c282873
_d282873